000 00428pab a2200157 454500
008 180718b2000 xxu||||| |||| 00| 0 eng d
100 _aYongming, Zhou
245 _aSocial capital and power: entrepreneurial elite and the state in contemporary China
260 _c2000
300 _ap.323-40
362 _aDec
650 _aSocial capital - China
650 _aSocial capital
773 _aPolicy Sciences
909 _a48404
999 _c48404
_d48404